Tae pyung cheon ha = peaceful the earth / (Record no. 3040)
[ view plain ]
| 000 -LEADER | |
|---|---|
| fixed length control field | 00549nam a22002177a 4500 |
| 003 - CONTROL NUMBER IDENTIFIER | |
| control field | OSt |
| 005 - DATE AND TIME OF LATEST TRANSACTION | |
| control field | 20140310181747.0 |
| 008 - FIXED-LENGTH DATA ELEMENTS--GENERAL INFORMATION | |
| fixed length control field | 130624t xxu||||| |||| 00| 0 eng d |
| 020 ## - INTERNATIONAL STANDARD BOOK NUMBER | |
| International Standard Book Number | 9788973306442 |
| 050 ## - LIBRARY OF CONGRESS CALL NUMBER | |
| Classification number | PL 991.96 |
| Item number | .C426 1967 |
| 082 ## - DEWEY DECIMAL CLASSIFICATION NUMBER | |
| Classification number | IB 951.98 |
| Item number | C35 1967 |
| 245 ## - TITLE STATEMENT | |
| Title | Tae pyung cheon ha = peaceful the earth / |
| Statement of responsibility, etc | Cha Man Sik. |
| 260 ## - PUBLICATION, DISTRIBUTION, ETC. (IMPRINT) | |
| Place of publication, distribution, etc | Ha Seo : |
| Name of publisher, distributor, etc | Sn, |
| Date of publication, distribution, etc | c1967. |
| 300 ## - PHYSICAL DESCRIPTION | |
| Extent | 286 p. ; |
| Dimensions | 23 cm. |
| 521 ## - TARGET AUDIENCE NOTE | |
| Target audience note | |
| 541 ## - IMMEDIATE SOURCE OF ACQUISITION NOTE | |
| -- | 1 |
| 541 ## - IMMEDIATE SOURCE OF ACQUISITION NOTE | |
| -- | 2 |
| 541 ## - IMMEDIATE SOURCE OF ACQUISITION NOTE | |
| -- | 1 |
| 562 ## - COPY AND VERSION IDENTIFICATION NOTE | |
| Number of copies | 3 |
| 942 ## - ADDED ENTRY ELEMENTS (KOHA) | |
| Source of classification or shelving scheme | Library of Congress Classification |
| Koha item type | |
| Withdrawn status | Lost status | Source of classification or shelving scheme | Damaged status | Home library | Current library | Shelving location | Date acquired | Source of acquisition | Total Checkouts | Full call number | Barcode | Date last seen | Copy number | Price effective from | Koha item type | Date checked out |
|---|---|---|---|---|---|---|---|---|---|---|---|---|---|---|---|---|
| Library of Congress Classification | Luxembourg Library | Luxembourg Library | International Baccalaureate Section | 06/24/2013 | Donation | PL 991.96 .C426 1967 | 15575 | 07/17/2019 | 1 | 06/24/2013 | Books | |||||
| Library of Congress Classification | Luxembourg Library | Luxembourg Library | International Baccalaureate Section | 06/25/2013 | PL 991.96 .C426 1967 | 15572 | 08/13/2013 | 2 | 06/25/2013 | Books | ||||||
| Library of Congress Classification | Luxembourg Library | Luxembourg Library | International Baccalaureate Section | 06/25/2013 | 1 | PL 991.96 .C426 1967 | 15576 | 04/29/2024 | 3 | 06/25/2013 | Books | 04/29/2024 |